000 00583nam a22001817a 4500
003 OSt
005 20221028210855.0
008 221021b |||||||| |||| 00| 0 eng d
040 _cBiblioteca LadoV
082 _a700.74
_bC363b
100 _9247
_aFernandes, Joao
_ecurador
245 _aXXIV Bienal de Sao Paulo - Portugal/
260 _aBrasil
_c1998
_bMinisterio de Cultura de Portugal
300 _a60p.
_c25x24cm
650 _2Tesauro de Arte & Arquitectura
_aARTE
650 _2Tesauro de Arte & Arquitectura
_aBIENAL
942 _2ddc
_c1
_h700.74
_iC363b
_n0
999 _c2416
_d2416